000 00608nam a22002297a 4500
003 UA-OsUOA
001 92477
007 ta
008 20121218b un ||||| |||| 00| 0 ukr d
100 _aАлексеев С.
090 _a821.161.1
_bА47
942 _cBK
040 _aUA-OsUOA
_brus
_cUA-OsUOA
_dUA-OsUOA
245 _aРассказы из русской истории
300 _a512 с.
955 _a3
041 _arus
080 _a821.161.1
260 _aМ.
_bИзвестия
_c1991
650 7 _a82 Література. Літературознавство
_2UDC
999 _c378722
_d378722